000 00477nam a22001575i 4500
001 156207
003 ES-MaACL
005 20230906210339.0
008 040804s1862 fr |||| | fre d
040 _aCAM
_bspa
_cCAM
100 1 _aJacquier, Louis.
_9128251
245 1 2 _aL'amour a Paris /
_cLouis Jacquier.
260 _aParis; Leipzig :
_bE. Jung-Treuttel,
_c1862 (
_fImprimerie Vallée et Cie.)
300 _a239 p. ;
_c19 cm.
852 _aES-MaACL
_jD-2018
_z-- Enc. hol.
999 _c156207
_d156207